[Event "fast games for new members - #2"]
[Site "SchemingMind.com"]
[Date "2006.04.06"]
[Round "-"]
[White "Edmeier"]
[Black "Dan Geana"]
[Result "0-1"]
[WhiteCountry "GER"]
[BlackCountry "ROU"]
[WhiteElo "1523"]
[WhiteRD "128"]
[BlackElo "2103"]
[BlackRD "173"]
[GameID "45589"]

1. Nf3 d5 2. g3 Nf6 3. d3 c5 4. Bg2 Nc6 5. Bg5 e5 6. O-O Be7 7. e4 O-O 8. exd5 Nxd5 9. Bxe7 Ndxe7 10. Re1 f6
11. Nc3 Be6 12. Nd2 Qd7 13. Nce4 b6 14. Nc4 Rad8 15. Ne3 Qe8 16. Nd2 Qg6 17. a4 f5 18. Nec4 e4 19. Ra3 Nb4 20. Ne5 Qf6
21. Ndc4 Ng6 22. Nxg6 hxg6 23. Qe2 Bxc4 24. dxc4 Qxb2
0-1